| 000 | 01183nam1a22002891i 4500 | ||
|---|---|---|---|
| 001 | v19\rc\1346549 | ||
| 005 | 20260406110214.0 | ||
| 035 | _a(NLR Aleph) 005210089 | ||
| 090 |
_a5399304 _c5399304 |
||
| 100 | _a20060512g18611863|||y0rusy50 ca | ||
| 101 | 0 | _arus | |
| 102 | _aRU | ||
| 105 | _ay z ||||| | ||
| 200 | 1 |
_aРаскольничьи дела XVIII столетия _fИзвлеч. из дел Преображ. приказа и Тайной розыскных дел канцелярии Г. Есиповым. Т. [1]-2 |
|
| 210 |
_aСанкт-Петербург _cД.Е. Кожанчиков _d1861-1863 |
||
| 215 |
_a2 т. _d22 |
||
| 532 | 1 | 1 | _aРаскольничьи дела восемнадцатого столетия |
| 700 | 1 |
_8rus _7ca _aЕсипов _bГ. В. _f1812-1899 _gГригорий Васильевич _3RU\NLR\AUTH\77107849 _990774 |
|
| 801 | 0 |
_aRU _bNLR _c20060512 _gpsbo |
|
| 801 | 0 |
_aRU _bRuMoRGB _c20060512 _2psbo |
|
| 801 | 1 |
_aRU _bProSoft-M _c20060512 _2rusmarc |
|
| 801 | 2 |
_aRU _bNLR _c20121212 _2rusmarc |
|
| 852 |
_aNLR _j18.117.3.46 |
||
| 852 |
_aNLR _j133/1851 |
||
| 852 |
_aNLR _bДом Плеханова _jВ 4331/1-2 |
||
| 942 | _cBOOK | ||